Catálogo

A science and religion primer / (Registro nro. 61767)

Detalles MARC
000 -LEADER
fixed length control field 00845cam a2200265 i 4500
001 - CONTROL NUMBER
control field 61767
003 - CONTROL NUMBER IDENTIFIER
control field Mx-PuUPA
005 - DATE AND TIME OF LATEST TRANSACTION
control field 20230307100216.0
008 - FIXED-LENGTH DATA ELEMENTS--GENERAL INFORMATION
fixed length control field 141114s2009 miu fr 000 0 eng|d
020 ## - INTERNATIONAL STANDARD BOOK NUMBER
International Standard Book Number 9780801031502
Qualifying information rústica
040 ## - CATALOGING SOURCE
Original cataloging agency Mx-PuUPA
Language of cataloging spa
Transcribing agency Mx-PuUPA
Modifying agency Mx-PuUPA
Description conventions rda
041 0# - LANGUAGE CODE
Language code of text/sound track or separate title eng
245 00 - TITLE STATEMENT
Title A science and religion primer /
Statement of responsibility, etc. edited by Heidi A. Campbell and Heather Looy
264 #1 - PRODUCTION, PUBLICATION, DISTRIBUTION, MANUFACTURE, AND COPYRIGHT NOTICE
Place of production, publication, distribution, manufacture Grand Rapids, MI :
Name of producer, publisher, distributor, manufacturer Baker Academic,
Date of production, publication, distribution, manufacture, or copyright notice 2009
300 ## - PHYSICAL DESCRIPTION
Extent 230 páginas ;
Dimensions 23 cm
336 ## - CONTENT TYPE
Content type term texto
Fuente rdacontent
Content type code txt
337 ## - MEDIA TYPE
Media type term sin medio
Source rdamedia
Media type code n
338 ## - CARRIER TYPE
Carrier type term volumen
Source rdacarrier
Carrier type code nc
650 #7 - SUBJECT ADDED ENTRY--TOPICAL TERM
Topical term or geographic name entry element Religión y ciencia
Source of heading or term armarc
700 1# - ADDED ENTRY--PERSONAL NAME
Personal name Campbell, Heidi A.,
Relator term editor
700 1# - ADDED ENTRY--PERSONAL NAME
Personal name Looy, Heather,
Relator term editor
942 ## - ADDED ENTRY ELEMENTS (KOHA)
Source of classification or shelving scheme Dewey Decimal Classification
Koha item type Libro
Classification part 201.65
Item part S416
Existencias
Withdrawn status Lost status Source of classification or shelving scheme Damaged status Not for loan Collection code Home library Current library Shelving location Date acquired Source of acquisition Total Checkouts Full call number Barcode Date last seen Price effective from Koha item type
    Dewey Decimal Classification     General Centro de Estudios en Ciencia y Religión Centro de Estudios en Ciencia y Religión Sala general 14/11/2014 Compra   201.65 S416 2009 93176 05/01/2026 20/11/2015 Libro